00378nam a22001217a 4500003001100000005001700011008004100028040003900069041000800108082000800116100002200124245011000146LK-CoMWRAF20240108001107.0240108b2008 |||||||| |||| 00| 0 eng d aLK-CoMWRAFdLK-CoMWRAFeLK-CoMWRAF aeng bALI aAli, A.C.L. Ameer aThe Muslim predicament; some reflections on local and international challenges:bDr. A.M.A. Azeez oration